Land vs. Land #23 - Statistiken

Allgemein
  • Dieses Quiz wurde 36 mal gespielt
  • Das Durchschnittsergebnis liegt bei 9 aus 14
Antwortstatistiken
Frage Antwort % Korrekt
...Exportmengen? Sri Lanka🇱🇰
97%
...Fläche? Sri Lanka🇱🇰
94%
...Einwohner? Sri Lanka🇱🇰
94%
...Militär? Sri Lanka🇱🇰
94%
...Bruttoinlandsprodukt? Sri Lanka🇱🇰
85%
...Tourismus? Sri Lanka🇱🇰
85%
...Gewinner? Sri Lanka🇱🇰
76%
...Bruttoinlandsprodukt pro Kopf? Trinidad🇹🇹
61%
...HDI (Human Development Index)? Trinidad🇹🇹
55%
...Lebenserwartung? Sri Lanka🇱🇰
39%
...durchschnittlicher IQ? Trinidad🇹🇹
36%
...Gesundheitswesen? Sri Lanka🇱🇰
33%
...Happy Planet Index? Sri Lanka🇱🇰
30%
...Frieden? Sri Lanka🇱🇰
18%
Keine übereinstimmenden Quizze gefunden
Verteilung der Resultate
Anzahl Personen mit jedem Resultat
Perzentil nach korrekt beantworteten Fragen
Ihre Resultats-Entwicklung
Sie haben dieses Quiz noch nicht gespielt